000 00626nam a2200229Ia 4500
008 220204s9999 xx 000 0 und d
082 _a577.17
_bBUT.2
100 _aBUTT, W R
245 0 _aHormone chemistry. V 2: Steroids, throid hormones, biogenic amines and prostaglandins
250 _aEd.2
260 _aChichester
_bEllis Tierwood Ltd
_c1976
650 _aAndrogens
650 _aCatecholamines
650 _aCorticosteroids
650 _aHormone chemistry
650 _aOestrogeivs
650 _aProgesterone
650 _aProstaglandins
650 _aSteroid
650 _aThyroid hormone
942 _cBK
999 _c26859
_d26859